ბათუმის შოთა რუსთაველის სახელმწიფო უნივერსიტეტის ბიბლიოთეკა

კითხვის სწავლების ტექნიკები და სტრატეგიები (ბიბ.ჩანაწერი № 49549)

000 -LEADER
fixed length control field 00946nam a2200241Ia 4500
001 - CONTROL NUMBER
control field 16480
003 - CONTROL NUMBER IDENTIFIER
control field GE_BSU
008 - FIXED-LENGTH DATA ELEMENTS--GENERAL INFORMATION
fixed length control field 181216s||||||||xx |||||||||||||| ||und||
020 ## - INTERNATIONAL STANDARD BOOK NUMBER
International Standard Book Number 978-9941-9189-3-3
040 ## - CATALOGING SOURCE
Transcribing agency GE_BSU
080 ## - UNIVERSAL DECIMAL CLASSIFICATION NUMBER
Universal Decimal Classification number 37.016(072):003
100 ## - MAIN ENTRY--PERSONAL NAME
Personal name ღამაბშიძე, ნინო
245 ## - TITLE STATEMENT
Title კითხვის სწავლების ტექნიკები და სტრატეგიები
250 ## - EDITION STATEMENT
Edition statement ამერიკული აკად. თბილისში, განათლ. განვითარებისა და კვლევის ცენტრი]
260 ## - PUBLICATION, DISTRIBUTION, ETC.
Place of publication, distribution, etc. თბილისი
260 ## - PUBLICATION, DISTRIBUTION, ETC.
Name of publisher, distributor, etc. არტლაინსი
260 ## - PUBLICATION, DISTRIBUTION, ETC.
Date of publication, distribution, etc. 2011
300 ## - PHYSICAL DESCRIPTION
Extent 100გვ;ილ,25სმ
653 ## - INDEX TERM--UNCONTROLLED
Uncontrolled term კითხვის სწავლების მეთოდიკა;
653 ## - INDEX TERM--UNCONTROLLED
Uncontrolled term პედაგოგიკა
942 ## - ADDED ENTRY ELEMENTS (KOHA)
Koha item type წიგნი
ეგზემპლარები
Withdrawn status Lost status Damaged status Not for loan Date acquired Barcode Date last seen Price effective from Koha item type
        2018-12-17 41104 2018-12-17 2018-12-17 წიგნი
        2018-12-17 41105 2018-12-17 2018-12-17 წიგნი
        2018-12-17 41106 2018-12-17 2018-12-17 წიგნი
        2018-12-17 41107 2018-12-17 2018-12-17 წიგნი
        2018-12-17 41108 2018-12-17 2018-12-17 წიგნი
        2018-12-17 41109 2018-12-17 2018-12-17 წიგნი
        2018-12-17 41110 2018-12-17 2018-12-17 წიგნი
        2018-12-17 41111 2018-12-17 2018-12-17 წიგნი
        2018-12-17 41112 2018-12-17 2018-12-17 წიგნი
        2018-12-17 41113 2018-12-17 2018-12-17 წიგნი